Giáo trình thống kê kinh tế /

Nhập môn, điều tra thống kê, phân tổ thống kê, số đo thống kê, hồi quy và tương quan, dãy số thời gian, phương pháp chỉ số và chỉ số, hệ thống thống kê tài khoản quốc gia, thống kê hiệu quả kinh tế nền sản xuất xã hội...

Tallennettuna:
Bibliografiset tiedot
Päätekijä: Nguyễn Trần Quế, TS.
Muut tekijät: Vũ Mạnh Hà, TS.
Aineistotyyppi: Kirja
Kieli:Vietnamese
Julkaistu: Hà Nội : Đại học Quốc gia Hà Nội, 1999.
Aiheet:
Tagit: Lisää tagi
Ei tageja, Lisää ensimmäinen tagi!
Thư viện lưu trữ: Mạng thư viện Đại học Đà Nẵng
LEADER 01205cam a2200349 i 4500
001 000043140
003 1015
005 20041028161156.0
008 010217b1999 vm 000 vie
020 |c 15600 
040 |a IRC  |c IRC  |d IRC 
041 1 |a vie 
082 1 4 |a 330.10212  |b NG-Q 
100 1 |a Nguyễn Trần Quế,  |c TS. 
245 1 0 |a Giáo trình thống kê kinh tế /  |c Nguyễn Trần Quế, Vũ Mạnh Hà. 
260 |a Hà Nội :  |b Đại học Quốc gia Hà Nội,  |c 1999. 
300 |a 208 tr. ;  |c 20 cm. 
520 3 |a Nhập môn, điều tra thống kê, phân tổ thống kê, số đo thống kê, hồi quy và tương quan, dãy số thời gian, phương pháp chỉ số và chỉ số, hệ thống thống kê tài khoản quốc gia, thống kê hiệu quả kinh tế nền sản xuất xã hội... 
630 0 4 |a Kinh tế. 
630 0 4 |a Thống kê. 
650 0 4 |a Kinh tế  |x Thống kê. 
700 1 |a Vũ Mạnh Hà,  |c TS. 
OWN |a DUT 
999 |a From the UDN01 
TYP |a Monograph 
TYP |a Printed language 
980 |a Mạng thư viện Đại học Đà Nẵng